000 00904nam a2200253Ia 4500
003 OSt
005 20221005105444.0
006 a|||||r|||| 00| 0
007 ta
008 221004b |||||||| |||| 00| 0 hin d
020 _a9788189211318 (hbk)
_c180
024 _a105648
037 _b12954, 18/03/2011, Kitab Ghar
_cTextual
040 _aCRL
_cCRL
_bhin
041 _2hin
_ahin
082 _aO152,3M80x, Q0
100 _aप्रेमचंद
245 0 _aप्रेमचंद की ऐतिहासिक कहानियॉं
246 _aPremachanda kī aitihāsik kahāniyaॉan
260 _aनई दिल्ली
_bभारतीय ग्रंथ निकेतन भारत
_c2010
300 _a183पृ0
_ccm.
942 _hO152,3M80x, Q0
_cTEXL
_2cc
999 _c1015880
_d1015880